1803 1822 1539 1629 1552 1053 1921 1661 1389 1914 1937 1285 1942 1041 1163 1081 1983 1114 1158 1802 1690 1941 1135 1311 1369 1324 1918 1397 1976 1199 1264 1105 1184 1768 1964 1052 1424 1264 1594 1084 1800 1269 1018 1576 1104 1132 1056 1616 1457 1583 1953 1074 1629 1937 1914 1186 1429 1431 1122 1440 1783 1595 1810 1080 1594 1688 1299 1923 1101 1151 1880 1730 1793 1755 1168 1141 1768 1791 1948 1845 1534 1087 1296 1762 1870 1413 1250 1056 1303 1958 1006 1422 1836 1352 1083 1323 1730 1451 1421 BCNSPRNW ULIB Ver.6.0+V

เปลี่ยนเป็นภาษาไทย

Change to English
 แสดงรายละเอียดบรรณานุกรม
  กลับหน้าหลัก

Brief Record : Get Marc (ISO 2709) : E-mail record : QR code < ปิดหน้าต่าง
LEADER : 00000nam 2200000uu 4500
001    13399126431
003     ULIB
008    180916s2560||||th 000 0 tha d
020    ^a9786162008276
050 04 ^aT385^bว358อ
100 0  ^aวสันต์ พึ่งพูลผล
245 10 ^aIllustrator CC 2017 Professional guide / ^cวสันต์ พึ่งพูลผล
260    ^aกรุงเทพฯ : ^bไอดีซีฯ, ^c2560
300    ^a408 หน้า : ^bภาพประกอบสี ; ^c23 ซม.
650  4 ^aคอมพิวเตอร์กราฟิก^xโปรแกรมคอมพิวเตอร์.
650  4 ^aอโดบีอิลลัสเตรเตอร์.
945    ^p345^l0^i26633
999    ^aกัณชพร จุลอักษร
รายการนี้ยังไม่มีแท็ก
คุณยังไม่ได้ล็อกอิน คุณสามารถมีกิจกรรมร่วมกับเว็บไซต์ได้ แต่ต้องล็อกอินก่อน ::
  ล็อกอิน

รายการสื่อสารสนเทศ

ลำดับที่ ประเภท เลขเรียก/บาร์โค้ด สถานที่ สถานะ
1. วิทยาศาสตร์การแพทย์ และสุขภาพ
วิทยาศาสตร์การแพทย์ และสุขภาพ
T385 ว358อ ฉ.1 
  Barcode: 26633
ห้องสมุดวิทยาเขตนครสวรรค์
►หนังสือทั่วไป:l:General Books
บนชั้น

รายการใกล้เคียง
    ผู้แต่ง [วสันต์ พึ่งพูลผล]

    หัวเรื่อง [คอมพิวเตอร์กราฟิก โปรแกรมคอมพิวเตอร์.]
    หัวเรื่อง [อโดบีอิลลัสเตรเตอร์.]

BibComment


ยังไม่เคยถูกคอมเมนท์

คอมเมนท์ทรัพยากรรายการนี้
  คอมเมนท์: Illustrator CC 2..


 Copyright 2026. Bcnsprnw @Library